Fundamental of software Engineering (Record no. 7991)

MARC details
000 -LEADER
fixed length control field 00301nam a2200121Ia 4500
008 - FIXED-LENGTH DATA ELEMENTS--GENERAL INFORMATION
fixed length control field 191201s2015 xx 000 0 und d
100 ## - MAIN ENTRY--PERSONAL NAME
Personal name GHEZZI, Carlo
245 #0 - TITLE STATEMENT
Title Fundamental of software Engineering
250 ## - EDITION STATEMENT
Edition statement 2nd edi.
260 ## - PUBLICATION, DISTRIBUTION, ETC. (IMPRINT)
Date of publication, distribution, etc 2015
Name of publisher, distributor, etc Pearson
Place of publication, distribution, etc NEW DELHI
300 ## - PHYSICAL DESCRIPTION
Extent 604
942 ## - ADDED ENTRY ELEMENTS (KOHA)
Source of classification or shelving scheme Dewey Decimal Classification
Koha item type Text Books
942 ## - ADDED ENTRY ELEMENTS (KOHA)
-- 2
Holdings
Withdrawn status Lost status Source of classification or shelving scheme Damaged status Not for loan Collection code Home library Current library Date acquired Source of acquisition Cost, normal purchase price Bill Number Total Checkouts Full call number Acc. no. / Barcode Date last seen Actual Cost, discounted price Bill Date Koha item type Date last borrowed
    Dewey Decimal Classification     BCA PIET C-LIBRARY PIET C-LIBRARY 24/05/2019 Kirti Prakashan 679.00 IN3970   005.1 GHF BC1337 04/12/2019 461.72 24/05/2019 Text Books  
    Dewey Decimal Classification     BCA PIET C-LIBRARY PIET C-LIBRARY 24/05/2019 Kirti Prakashan 679.00 IN3970 2 005.1 GHF BC1338 25/03/2022 461.72 24/05/2019 Text Books 12/03/2022
    Dewey Decimal Classification     BCA PIET C-LIBRARY PIET C-LIBRARY 24/05/2019 Kirti Prakashan 679.00 IN3970   005.1 GHF BC1339 04/12/2019 461.72 24/05/2019 Text Books  

Design & Developed by: PIET Central Library
R70 Miles Stone Pattikalyana Samalkha Panipat 132102
mail ID :- [email protected], Phone No:- 0180-2569700 Ex.216